| 000 | 01714nam2a22003611 4500 | ||
|---|---|---|---|
| 001 | v19\rc\1506346 | ||
| 005 | 20250618163710.0 | ||
| 035 | _a(NLR Aleph) 004632118 | ||
| 090 |
_a3181095 _c3181095 |
||
| 100 | _a20060620d1884 |||y0rusy50 ca | ||
| 101 | 0 | _arus | |
| 102 | _aRU | ||
| 105 | _ay z ||||| | ||
| 200 | 1 |
_aПромыслы крестьянского населения Саратовского и Царицынского уездов _a2. Крестьянский кредит в Саратовском и Царицынском уездах _a3. Сдача душевой земли крестьянам Саратовского уезда |
|
| 210 |
_d1884 _aБ. м. |
||
| 215 | _a[5], 146, 86, 32 с. | ||
| 461 | 0 |
_1001v19\rc\1506343 _12001#$aСборник статистических сведений по Саратовской губернии$eТ. 1-$vТ. 3. 1 _93181059 _cСаратов _d1883-1897 _nСарат. губ. земство _oТ. 1- _tСборник статистических сведений по Саратовской губернии _vТ. 3. 1 |
|
| 517 | 0 | _aКрестьянский кредит в Саратовском и Царицинском уездах | |
| 517 | 0 | _aСдача душевой земли крестьянам Саратовского уезда | |
| 801 | 0 |
_aRU _bNLR _gpsbo |
|
| 801 | 0 |
_aRU _bRuMoRGB _2psbo |
|
| 801 | 1 |
_aRU _bProSoft-M _2rusmarc |
|
| 852 |
_aNLR _bЗем _j36/1 |
||
| 899 |
_aRuMoRGB _jA 230/30 |
||
| 899 |
_aRuMoRGB _jS 120/34 |
||
| 899 |
_aRuMoRGB _j801-90/6526-8 |
||
| 899 | _aБАН | ||
| 899 | _aНБ СПбГУ | ||
| 899 | _aГПИБ | ||
| 899 | _aНБ МГУ | ||
| 899 |
_aRuMoRGB _jF 191/395 |
||
| 942 | _cBOOK | ||
| 980 | _aNB | ||